| 000 | 00819nam a22002177a 4500 | ||
|---|---|---|---|
| 999 |
_c8026 _d8026 |
||
| 003 | AR-CdUCM | ||
| 008 | 190322b ||||| |||| 00| 0 spa d | ||
| 040 |
_aMUNICIPALIDAD PROVINCIAL DEL CUSCO _cBIBLIOTECA MUNICIPAL DEL CUSCO |
||
| 082 |
_a537 / _bG23. |
||
| 100 |
_aGarner, Louis E. _922682 |
||
| 245 |
_aTransistores : _bY sus aplicaciones en radio, television y electronica / |
||
| 260 |
_aMéxico : _bUteha, _c1962. |
||
| 300 |
_a136 páginas ; _c17.5 cm. |
||
| 440 |
_aTecnología _n6 _922683 |
||
| 505 | _aContenido : Introducción -- Comprensión de la acción del transistor -- Características de los transistores -- Circuitos amplificadores con transistores ... | ||
| 650 |
_aTransistores _921151 |
||
| 650 |
_aAmplificadores _922684 |
||
| 650 |
_aTecnología _91571 |
||
| 942 |
_2ddc _cLIBROS |
||
| 945 | _arah | ||